alphabet speed - Statistics

General Stats
  • This quiz has been taken 49 times
  • The average score is 25 of 26
Answer Stats
Hint Answer % Correct
1 a
100%
2 b
100%
3 c
96%
4 d
96%
5 e
96%
6 f
96%
7 g
96%
8 h
96%
9 i
96%
10 j
96%
11 k
96%
12 l
96%
13 m
96%
14 n
96%
15 o
96%
16 p
96%
17 q
96%
18 r
96%
19 s
96%
20 t
96%
21 u
96%
22 v
96%
23 w
93%
24 x
93%
25 y
93%
26 z
93%
No matching quizzes found
Score Distribution
Percent of People with Each Score
Percentile by Number Answered
Your Score History
You have not taken this quiz